000 00381nam a22001577a 4500
003 OSt
005 20241213152438.0
008 241213b |||||||| |||| 00| 0 eng d
020 _a978-81-954324-8-6
040 _cIIMT UNIVERSITY
100 _aGUPTA, NEERU
245 _aTOTAL QUALITY MANAGEMENT
260 _aDELHI
_bWISDOM PUBLICATION
_c2023
300 _a233
942 _2ddc
_c09
999 _c64943
_d64943